Central Library OPAC University of Rajshahi

Effect of antimicrobial agents used for the prevention of Streptococcus mutans biofilm formation / (Record no. 83163)

MARC details
000 -LEADER
fixed length control field 00937nam a2200241 a 4500
001 - CONTROL NUMBER
RUCL Control Number 83163
003 - CONTROL NUMBER IDENTIFIER
rucl marc code BD-RjUL
005 - DATE AND TIME OF LATEST TRANSACTION
control field 20240227115926.0
008 - FIXED-LENGTH DATA ELEMENTS--GENERAL INFORMATION
fixed length control field 240227s2020 bg a|||| m||| 00| 0 eng d
035 ## - SYSTEM CONTROL NUMBER
system control number (BD-RjUL)83163
040 ## - CATALOGING SOURCE
Original cataloging agency BD-RjUL
Language of cataloging eng
Transcribing agency BD-RjUL
Modifying agency BD-RjUL
041 ## - LANGUAGE CODE
Language code of Book eng
082 ## - DEWEY DECIMAL CLASSIFICATION NUMBER
DDC Edition number 23
Classification number 579.355
Author mark and Year HAE 2020
100 ## - MAIN ENTRY--PERSONAL NAME
Personal name Habib, Tasnia
9 (RLIN) 11927
245 ## - TITLE STATEMENT
Title Effect of antimicrobial agents used for the prevention of Streptococcus mutans biofilm formation /
Statement of responsibility, etc Tasnia Habib
Name of Supervisor/Co-Supervisor Supervisor : Md. Wahedul Islam
260 ## - PUBLICATION, DISTRIBUTION, ETC. (IMPRINT)
Place of publication, distribution, etc Rajshahi :
Name of publisher, distributor, etc Institute of Biological Sciences,University of Rajshahi
Date of publication, distribution, etc 2020
300 ## - PHYSICAL DESCRIPTION
Pagination [1], xiii, 158 leaves :
Other physical details ill.;
Dimensions 29 cm.
502 ## - DISSERTATION NOTE
Dissertation note Thesis(Ph.D.)-- Institute of Biological Sciences,University of Rajshahi,2020
504 ## - BIBLIOGRAPHY, ETC. NOTE
Bibliography, etc Reference : Leaves 131-158
650 ## - SUBJECT ADDED ENTRY--TOPICAL TERM
Topical term or geographic name as entry element Streptococcus mutans biofilm
General subdivision Antimicrobial
9 (RLIN) 11928
700 ## - ADDED ENTRY--SUPERVISOR/CO-SUPERVISOR NAME
Personal name Islam, Md. Wahedul, Supervisor
9 (RLIN) 3105
942 ## - ADDED ENTRY ELEMENTS (KOHA)
Source of classification or shelving scheme Dewey Decimal Classification
Koha item type Theses
Holdings
Source of classification or shelving scheme Damaged status Not for loan Collection code Permanent Location Current Location Shelving location Date of accession Source of acquisition Total Checkouts Full call number Barcode Date last seen Copy number Thesis
Dewey Decimal Classification   Not For Loan Theses Central Library, University of Rajshahi Central Library, University of Rajshahi Documentation Section 15/02/2023 Controller of Exam. R.U.   THE 579.355 HAE 2020 D4663 27/02/2024 C-1 Theses